Загрузка...
SRK and global Bollywood /
Contributed articles presented at the conference, Shah Rukh Khan and Global Bollywood, held on September 30, 2010, at Vienna, Austria.
| Другие авторы: | , , |
|---|---|
| Формат: | Printed Book |
| Опубликовано: |
New Delhi:
Oxford University Press,
2015.
|
| Редактирование: | First edition. |
| Предметы: |
| LEADER | 01163cam a2200265 i 4500 | ||
|---|---|---|---|
| 020 | |a 9780199460472 (hardback) | ||
| 020 | |a 0199460477 (hardback) | ||
| 082 | 0 | 4 | |a 791.43028092 |b RAJ/S |
| 245 | 1 | 0 | |a SRK and global Bollywood / |c edited by Rajinder Dudrah, Elke Mader, and Bernhard Fuchs. |
| 250 | |a First edition. | ||
| 260 | |a New Delhi: |b Oxford University Press, |c 2015. | ||
| 300 | |a xxxviii, 355 pages : |b illustrations (black and white) ; | ||
| 520 | |a Contributed articles presented at the conference, Shah Rukh Khan and Global Bollywood, held on September 30, 2010, at Vienna, Austria. | ||
| 600 | 1 | 0 | |a Khan, Shah Rukh, |9 12985 |
| 650 | 0 | |a Motion picture actors and actresses |z India |v Congresses. |9 12986 | |
| 650 | 0 | |a Motion picture industry |z India |v Congresses. |9 12987 | |
| 650 | 0 | |a Biography Actor |9 12988 | |
| 650 | 0 | |a Film Studies |9 12989 | |
| 650 | 0 | |a Arts |9 12990 | |
| 700 | 1 | |a Rajinder Dudrah |9 12991 | |
| 700 | 1 | |a Elke Mader |9 12992 | |
| 700 | 1 | |a Bernhard Fuchs |9 12993 | |
| 942 | |c BK | ||
| 999 | |c 64541 |d 64541 | ||
| 952 | |0 0 |1 0 |4 0 |6 791_430280920000000_RAJ_S |7 0 |9 86026 |a SSUS |b SSUS |c STACKS |d 2017-03-14 |g 995.00 |o 791.43028092 RAJ/S |p 083896 |r 2017-03-14 |w 2017-03-14 |y BK | ||